Score 0/50 Timer 11:00
1 Play Today
% Correct
Narrator
83.5%
Dialogue
81.4%
Science Fiction
81.3%
Sequel
81%
Antagonist
80.7%
Setting
80.7%
Plot
79.8%
Protagonist
79.2%
Novella
78.4%
Gothic
78.2%
Character
77.8%
Pseudonym
77.8%
Flashback
77.6%
Onomatopoeia
77.2%
Personification
76.1%
Epilogue
75.1%
Alliteration
75%
Sonnet
74.9%
Subplot
73.5%
Simile
73.3%
Epic
72.4%
Hyperbole
72.3%
Genre
72.2%
Pulp Fiction
71.2%
Soliloquy
70.5%
% Correct
Couplet
69%
Satire
69%
Rhyme
67.2%
Ballad
66.2%
Elegy
64.9%
Theme
62.3%
Parable
61%
Blank Verse
58.9%
Connotation
58.9%
Myth
57.1%
Euphemism
56.9%
Allusion
56.3%
Motif
55.4%
Denouement
54.8%
Lampoon
54.8%
Persona
53.6%
Meter
53.5%
Denotation
52.7%
Allegory
47.9%
Foot
43.8%
Invective
42.2%
Metaphor
41.5%
Epigram
29.6%
Symbol
27.3%
Metonymy
19.5%
Remove Ads.
Support Sporcle.
Get the best of Sporcle when you Go Orange. This ad-free experience offers more features, more stats, and more fun while also helping to support Sporcle. Thank you for becoming a member.

You're not logged in!

Compare scores with friends on all Sporcle quizzes.
OR
Log In

Show Comments

Extras

Top Quizzes Today


Score Distribution

Your Account Isn't Verified!

In order to create a playlist on Sporcle, you need to verify the email address you used during registration. Go to your Sporcle Settings to finish the process.

Report this User

Report this user for behavior that violates our Community Guidelines.

Details: